| 000 | 00559nam a2200205 a 4500 | ||
|---|---|---|---|
| 005 | 20140310183457.0 | ||
| 008 | 091110s19uu xx 00 eng d | ||
| 020 | _a9780071271080 | ||
| 050 |
_aTS 155 _b.S7824 2009 |
||
| 100 | _aStevenson, William J. | ||
| 245 |
_aOperations management. / _cWilliam J. Stevenson. |
||
| 250 | _a10th. ed. | ||
| 260 |
_aBoston : _bMcGraw-Hill, _c2009. |
||
| 300 |
_a906 p. : _bill. ; _c26 cm. |
||
| 521 | _aBSBA | ||
| 650 | _aOperation management. | ||
| 650 | _aManagement. | ||
| 942 |
_cBK _2lcc _kFOR |
||
| 999 |
_c23701 _d23701 |
||